[Event "26th Klatovy B 2018"]
[Site "Klatovy CZE"]
[Date "2018.07.02"]
[Round "3.49"]
[White "Berkovec, Josef"]
[Black "Soucek, Petr"]
[Result "0-1"]
[WhiteElo "1000"]
[BlackElo "1485"]
[PlyCount "124"]
[EventDate "2018.06.30"]
[EventType "swiss"]
[EventRounds "9"]
[EventCountry "CZE"]

1. Nf3 Nf6 2. d4 g6 3. c3 Bg7 4. e3 d5 5. Nbd2 O-O 6. Bd3 Nbd7 7. O-O c5 8. Re1 Re8 9. e4 e5 10. dxe5 Nxe5 11. Nxe5 Rxe5 12. exd5 Rxd5 13. Bc4 Rd6 14. Qe2 Be6 15. Nf3 Bxc4 16. Qxc4 Rc8 17. Bg5 Qa5 18. Re7 Nd5 19. Rxb7 Qa6 20. Qxa6 Rxa6 21. a3 Rb6 22. Rxb6 Nxb6 23. Kf1 Nc4 24. Rb1 Rb8 25. Bc1 Bxc3 26. b3 Na5 27. Bd2 Bxd2 28. Nxd2 f5 29. f4 Kf7 30. Ke2 Ke6 31. Kd3 Rd8+ 32. Kc3 Kd5 33. Re1 Nc6 34. Nf3 Rc8 35. g3 h6 36. h4 Rb8 37. Re2 Nd4 38. Re5+ Kd6 39. Nxd4 cxd4+ 40. Kxd4 Rxb3 41. Re3 Rxe3 42. Kxe3 Kd5 43. Kd3 Kc5 44. Kc3 Kb5 45. Kb3 a6 46. Kc3 Kc5 47. Kd3 Kd5 48. a4 a5 49. Ke3 Kc4 50. Kd2 Kb4 51. Kd3 Kb3 52. Kd4 Kxa4 53. Kc4 Ka3 54. Kc3 a4 55. Kc2 Kb4 56. Kb2 a3+ 57. Ka2 Ka4 58. Ka1 Kb3 59. Kb1 a2+ 60. Ka1 Ka3 61. h5 gxh5 62. g4 h4 0-1

[Event "26th Klatovy B 2018"]
[Site "Klatovy CZE"]
[Date "2018.07.02"]
[Round "3.50"]
[White "Kotal, Vit"]
[Black "Matejicek, Vojtech"]
[Result "1/2-1/2"]
[WhiteElo "1464"]
[BlackElo "1393"]
[PlyCount "180"]
[EventDate "2018.06.30"]
[EventType "swiss"]
[EventRounds "9"]
[EventCountry "CZE"]

1. e4 c5 2. Nf3 Nc6 3. Bb5 g6 4. Nc3 Bg7 5. d3 Nf6 6. Bxc6 bxc6 7. Be3 Qb6 8. Qc1 d5 9. Bf4 d4 10. Ne2 Bg4 11. Nfg1 O-O 12. h3 Be6 13. Nf3 Nh5 14. Bh2 Nf6 15. O-O Rfd8 16. Ne5 Nd7 17. Nf3 Nf6 18. Ng5 Bc8 19. Rb1 Ba6 20. Qd2 c4 21. Rfc1 Qb5 22. Nf3 c5 23. a4 Qxa4 24. Ra1 Qb5 25. dxc4 Qxc4 26. Ng3 Bb7 27. Re1 d3 28. Ne5 Qxc2 29. Qxc2 dxc2 30. f3 Bh6 31. Ne2 Be3+ 32. Kh1 Bd4 33. Rac1 Bxb2 34. Rxc2 Bd4 35. Rb1 Bxe5 36. Bxe5 Ba6 37. Rbc1 Bxe2 38. Rxe2 Rdc8 39. Rec2 a5 40. Bb2 Nd7 41. Ba3 Rc6 42. Rd2 Rd6 43. Rdc2 a4 44. Bxc5 Nxc5 45. Rxc5 Rd2 46. Rc8+ Rxc8 47. Rxc8+ Kg7 48. Ra8 Rd1+ 49. Kh2 Ra1 50. Kg3 a3 51. Kf4 a2 52. Kg3 Kf6 53. Ra5 e5 54. Kf2 Ke6 55. Kg3 f5 56. Kh4 Kf6 57. Ra6+ Kg7 58. exf5 gxf5 59. Kg5 e4 60. Ra7+ Kf8 61. Kf6 Ke8 62. Kxf5 e3 63. Ra3 Re1 64. Rxa2 e2 65. Kf4 Kf7 66. Ke3 Kf6 67. Kf2 Rc1 68. Rxe2 Kg5 69. Kg3 Rc4 70. Re5+ Kf6 71. Rh5 Kg6 72. Rh4 Rc5 73. Rg4+ Kh5 74. Rg7 Kh6 75. Rg8 Rc6 76. f4 Rc3+ 77. Kg4 Rc2 78. g3 Rc4 79. Kf5 Rc5+ 80. Ke6 Ra5 81. h4 Ra6+ 82. Kd7 Ra7+ 83. Ke6 Ra6+ 84. Kf5 Ra5+ 85. Kg4 Re5 86. Kf3 Ra5 87. Rg5 Ra4 88. f5 Ra3+ 89. Kg2 Ra2+ 90. Kh3 Rh2+ 1/2-1/2

[Event "26th Klatovy B 2018"]
[Site "Klatovy CZE"]
[Date "2018.07.02"]
[Round "3.51"]
[White "Zeman, Lukas"]
[Black "Stastny, Simon"]
[Result "1-0"]
[WhiteElo "1460"]
[BlackElo "1092"]
[PlyCount "119"]
[EventDate "2018.06.30"]
[EventType "swiss"]
[EventRounds "9"]
[EventCountry "CZE"]

1. e4 e5 2. Nf3 Nc6 3. d4 exd4 4. Nxd4 Bc5 5. Be3 Bb6 6. Bc4 Qf6 7. c3 Ne5 8. Bb3 c5 9. Nf3 Nxf3+ 10. Qxf3 Qxf3 11. gxf3 Ne7 12. Nd2 d6 13. O-O-O Be6 14. Rhg1 O-O 15. f4 Bxb3 16. Nxb3 Bc7 17. f5 Kh8 18. Bf4 Rfd8 19. Nxc5 Bb6 20. Nxb7 Rd7 21. Nxd6 Kg8 22. Rg2 Bc7 23. Bg5 Bxd6 24. Rxd6 Rxd6 25. Bxe7 Rd7 26. f6 g6 27. Kc2 Rc7 28. f3 a5 29. Rd2 Rcc8 30. Rd4 h5 31. c4 Ra6 32. Kc3 Rac6 33. c5 Rxc5+ 34. Bxc5 Rxc5+ 35. Rc4 Rb5 36. b4 axb4+ 37. Rxb4 Ra5 38. a4 Kh7 39. Rc4 g5 40. Kb4 Ra8 41. a5 Rb8+ 42. Kc5 Kg6 43. a6 Kxf6 44. a7 Rc8+ 45. Kb5 Ra8 46. Kb6 g4 47. fxg4 hxg4 48. Kb7 Re8 49. a8=Q Rxa8 50. Kxa8 Ke5 51. Kb7 Kf4 52. e5+ Kxe5 53. Rxg4 f5 54. Rg8 f4 55. h4 f3 56. h5 Ke4 57. h6 f2 58. Rf8 Ke3 59. h7 f1=Q 60. Rxf1 1-0

[Event "26th Klatovy B 2018"]
[Site "Klatovy CZE"]
[Date "2018.07.02"]
[Round "3.52"]
[White "Kubat, Zbynek"]
[Black "Cinkova, Lenka"]
[Result "1-0"]
[WhiteElo "1681"]
[BlackElo "1000"]
[PlyCount "83"]
[EventDate "2018.06.30"]
[EventType "swiss"]
[EventRounds "9"]
[EventCountry "CZE"]

1. e4 c5 2. d4 cxd4 3. c3 d3 4. Bxd3 Nc6 5. Nf3 d6 6. Be3 g6 7. Nd4 a6 8. Nd2 Bg7 9. N2f3 Nxd4 10. Nxd4 e5 11. Nf3 Nf6 12. h3 O-O 13. O-O h6 14. Qd2 d5 15. Nxe5 dxe4 16. Be2 Qxd2 17. Bxd2 Nd5 18. Nc4 Be6 19. Nd6 Nf6 20. Nc4 Rad8 21. Rad1 b5 22. Na5 Rd7 23. a3 Rfd8 24. Bc1 Nd5 25. Nc6 Re8 26. Nd4 Bxd4 27. Rxd4 f5 28. Bxh6 Kh7 29. Bg5 a5 30. Rfd1 Rb8 31. c4 bxc4 32. Bxc4 Rbd8 33. Bxd8 Rxd8 34. Bxd5 Bxd5 35. Rxd5 Rb8 36. R1d2 Rb3 37. Rxa5 Kh6 38. Rc5 f4 39. Rc3 e3 40. fxe3 fxe3 41. Rxb3 exd2 42. Rd3 1-0

[Event "26th Klatovy B 2018"]
[Site "Klatovy CZE"]
[Date "2018.07.02"]
[Round "3.53"]
[White "Krisman, Ondrej"]
[Black "Lang, Simon"]
[Result "1-0"]
[WhiteElo "1566"]
[BlackElo "1381"]
[PlyCount "55"]
[EventDate "2018.06.30"]
[EventType "swiss"]
[EventRounds "9"]
[EventCountry "CZE"]

1. e4 e6 2. d4 d5 3. Nc3 Bb4 4. e5 f6 5. Qg4 Qd7 6. Nf3 a6 7. Bd3 Nc6 8. Bxh7 fxe5 9. Bg6+ Kf8 10. Nxe5 Nxe5 11. dxe5 Bxc3+ 12. bxc3 Ne7 13. Qf3+ Nf5 14. g4 Rh4 15. gxf5 exf5 16. Ba3+ Kg8 17. Rg1 Re4+ 18. Kd1 d4 19. Qd3 Rxe5 20. cxd4 Rd5 21. Qh3 c5 22. Qh7+ Kf8 23. Qh8+ Ke7 24. Qxg7+ Kd8 25. Qf6+ Kc7 26. Kc1 Rxd4 27. Bxc5 Rc4 28. Qb6+ 1-0

[Event "26th Klatovy B 2018"]
[Site "Klatovy CZE"]
[Date "2018.07.02"]
[Round "3.54"]
[White "Sykora, Vaclav"]
[Black "Vavrinkova, Anna"]
[Result "1-0"]
[WhiteElo "1529"]
[BlackElo "1463"]
[PlyCount "45"]
[EventDate "2018.06.30"]
[EventType "swiss"]
[EventRounds "9"]
[EventCountry "CZE"]

1. c4 c6 2. Nc3 d5 3. e3 Nf6 4. d4 a6 5. Nf3 Bg4 6. Be2 e6 7. O-O Bb4 8. h3 Bh5 9. Bd2 O-O 10. cxd5 cxd5 11. a3 Ba5 12. b4 Bc7 13. Ne5 Bxe2 14. Qxe2 Qd6 15. f4 b5 16. Be1 Nbd7 17. Bg3 Nb6 18. Bh4 Ne4 19. Nxe4 dxe4 20. Rac1 Nd5 21. Rc6 Nxf4 22. Rxf4 Qd5 23. Rxc7 1-0

[Event "26th Klatovy B 2018"]
[Site "Klatovy CZE"]
[Date "2018.07.02"]
[Round "3.55"]
[White "Vilimek, Vit"]
[Black "Vojir, Vaclav 2005"]
[Result "1-0"]
[WhiteElo "1448"]
[BlackElo "1225"]
[PlyCount "71"]
[EventDate "2018.06.30"]
[EventType "swiss"]
[EventRounds "9"]
[EventCountry "CZE"]

1. e4 e5 2. Nf3 Nc6 3. Bc4 Bc5 4. O-O Nf6 5. Nc3 d6 6. d3 Bg4 7. Be3 Bb6 8. Nd5 Nxd5 9. Bxd5 Be6 10. Bxc6+ bxc6 11. d4 f6 12. Re1 O-O 13. Qd3 Qe7 14. c4 Rad8 15. b4 c5 16. d5 Bf7 17. b5 Bg6 18. Nd2 f5 19. f3 Rf7 20. Nb3 fxe4 21. fxe4 Qh4 22. Qd2 h6 23. a4 a6 24. a5 Ba7 25. Bf2 Qf4 26. Bg3 Qxd2 27. Nxd2 axb5 28. cxb5 Rdf8 29. Nc4 Rb8 30. Rab1 Kh7 31. b6 cxb6 32. axb6 Bxb6 33. Rxb6 Rxb6 34. Nxb6 Rb7 35. Nc4 Rb4 36. Nxd6 1-0

[Event "26th Klatovy B 2018"]
[Site "Klatovy CZE"]
[Date "2018.07.02"]
[Round "3.56"]
[White "Celovsky, Jan"]
[Black "Kura, Filip"]
[Result "0-1"]
[WhiteElo "1397"]
[BlackElo "1267"]
[PlyCount "42"]
[EventDate "2018.06.30"]
[EventType "swiss"]
[EventRounds "9"]
[EventCountry "CZE"]

1. e4 e5 2. Nf3 Nc6 3. Bb5 a6 4. Ba4 Bc5 5. O-O Nf6 6. Re1 O-O 7. Bxc6 dxc6 8. c3 Bg4 9. h3 Bh5 10. d4 exd4 11. cxd4 Bb6 12. Nc3 Re8 13. Bg5 Bxf3 14. Qxf3 Qxd4 15. Rad1 Qe5 16. Bf4 Qh5 17. Qg3 Nxe4 18. Qd3 Nxf2 19. Rxe8+ Rxe8 20. Qd7 Nxd1+ 21. Kh2 Rf8 0-1

[Event "26th Klatovy B 2018"]
[Site "Klatovy CZE"]
[Date "2018.07.02"]
[Round "3.57"]
[White "Fekete, Frantisek 1941"]
[Black "Bukvaj, Martin"]
[Result "1/2-1/2"]
[WhiteElo "1383"]
[BlackElo "1123"]
[PlyCount "69"]
[EventDate "2018.06.30"]
[EventType "swiss"]
[EventRounds "9"]
[EventCountry "CZE"]

1. e4 e5 2. Nf3 Nc6 3. Bb5 d6 4. d4 Bd7 5. Nc3 a6 6. Bxc6 Bxc6 7. dxe5 dxe5 8. Qxd8+ Rxd8 9. Nxe5 Bb4 10. Nxc6 Bxc3+ 11. bxc3 bxc6 12. Bf4 Rc8 13. Rb1 Nf6 14. f3 O-O 15. Ke2 Nh5 16. Be3 f5 17. Bc5 Rfe8 18. Ke3 fxe4 19. f4 Nf6 20. Ke2 Nd5 21. Rbf1 Nxc3+ 22. Kd2 Nd5 23. c4 Nf6 24. h3 Rcd8+ 25. Kc2 e3 26. Rd1 Rxd1 27. Rxd1 Nh5 28. Re1 Nxf4 29. Rxe3 Rxe3 30. Bxe3 Nxg2 31. Bd2 Kf7 32. Kd3 Ke6 33. Kd4 Nh4 34. Bf4 h5 35. Bxc7 1/2-1/2

[Event "26th Klatovy B 2018"]
[Site "Klatovy CZE"]
[Date "2018.07.02"]
[Round "3.58"]
[White "Barta, David"]
[Black "Pecka, Jan"]
[Result "0-1"]
[WhiteElo "1176"]
[BlackElo "1383"]
[PlyCount "116"]
[EventDate "2018.06.30"]
[EventType "swiss"]
[EventRounds "9"]
[EventCountry "CZE"]

1. e4 c5 2. Nf3 Nc6 3. d4 cxd4 4. Nxd4 g6 5. Nc3 Bg7 6. Be3 Nf6 7. Bc4 Qa5 8. Bb3 Nxe4 9. Qf3 Nf6 10. O-O O-O 11. Rfe1 Ne5 12. Qg3 d6 13. Re2 Re8 14. Nf3 Nxf3+ 15. gxf3 Bd7 16. Rae1 Bc6 17. Bg5 Qc7 18. Ne4 Nxe4 19. fxe4 Bb5 20. Re3 Bxb2 21. c3 Rac8 22. Rb1 Ba3 23. Bxf7+ Kxf7 24. Rxb5 Bc5 25. Re2 Bb6 26. Bh6 Qxc3 27. Qxc3 Rxc3 28. Kf1 Rec8 29. Rbb2 Ke6 30. f4 R8c7 31. Kg2 Bd4 32. Rbd2 Bf6 33. e5 dxe5 34. fxe5 Bh8 35. Kf1 a6 36. Rb2 Rh3 37. Be3 Bxe5 38. Rbd2 Rc1+ 39. Kg2 Rxh2+ 40. Kf3 Rxe2 41. Rxe2 Rc4 42. Re1 Kf5 43. Rd1 Bf4 44. Bb6 Rc3+ 45. Kg2 Kg4 46. Bf2 e5 47. Re1 Rh3 48. Rb1 Rh2+ 49. Kg1 Rh3 50. Rxb7 Ra3 51. Rxh7 g5 52. Rb7 Rxa2 53. Rb4 Ra3 54. Bc5 Ra2 55. Bf2 e4 56. Rc4 Kf3 57. Bd4 e3 58. Rc3 Ra1+ 0-1

[Event "26th Klatovy B 2018"]
[Site "Klatovy CZE"]
[Date "2018.07.02"]
[Round "3.60"]
[White "Malik, Zdenek"]
[Black "Souralova, Venuse"]
[Result "1/2-1/2"]
[WhiteElo "1607"]
[BlackElo "1453"]
[PlyCount "57"]
[EventDate "2018.06.30"]
[EventType "swiss"]
[EventRounds "9"]
[EventCountry "CZE"]

1. e4 c5 2. Nf3 d6 3. d4 cxd4 4. Qxd4 Nc6 5. Bb5 Bd7 6. Bxc6 Bxc6 7. Nc3 Nf6 8. Bg5 g6 9. Bxf6 exf6 10. O-O-O Be7 11. Qd2 O-O 12. Kb1 b5 13. Nd4 Qb6 14. Nxc6 Qxc6 15. Nd5 Bd8 16. f3 a5 17. h4 Re8 18. g4 Re5 19. g5 fxg5 20. hxg5 Rxg5 21. f4 Rg4 22. Rh6 Rh4 23. Rxh4 Bxh4 24. Qh2 Bd8 25. Qh6 Rc8 26. Rd2 f6 27. Qh4 Qe8 28. Nxf6+ Bxf6 29. Qxf6 1/2-1/2

[Event "26th Klatovy B 2018"]
[Site "Klatovy CZE"]
[Date "2018.07.02"]
[Round "3.61"]
[White "Cinkova, Vicky"]
[Black "Tomascik, Petr"]
[Result "0-1"]
[WhiteElo "1133"]
[BlackElo "1427"]
[PlyCount "88"]
[EventDate "2018.06.30"]
[EventType "swiss"]
[EventRounds "9"]
[EventCountry "CZE"]

1. e4 c5 2. f4 Nc6 3. Nf3 g6 4. g3 Bg7 5. Bg2 e6 6. Nc3 a6 7. a4 Nge7 8. d3 O-O 9. Be3 Nd4 10. O-O Nxf3+ 11. Qxf3 d6 12. Qe2 Nc6 13. e5 Nd4 14. Bxd4 cxd4 15. Nd1 dxe5 16. fxe5 Qc7 17. Re1 Bd7 18. Nf2 Bc6 19. Bxc6 Qxc6 20. Ng4 Kh8 21. Nf6 Bh6 22. Ng4 Bg7 23. Qd2 Rac8 24. Rac1 Qxa4 25. c3 Qa5 26. b4 dxc3 27. Qf4 Qc7 28. Nf6 Qd8 29. d4 Rc4 30. Red1 c2 31. Rd2 Rxb4 32. Rcxc2 Rb1+ 33. Kg2 Bxf6 34. exf6 Qd5+ 35. Kh3 Qf5+ 36. Qxf5 gxf5 37. Rc7 h6 38. Kh4 Rb5 39. Rc5 Rb4 40. Kh5 Kh7 41. d5 Rg8 42. g4 Rg5+ 43. Kh4 Rbxg4+ 44. Kh3 Rh5# 0-1

[Event "26th Klatovy B 2018"]
[Site "Klatovy CZE"]
[Date "2018.07.02"]
[Round "3.62"]
[White "Vesely, Jan"]
[Black "Kadlec, Rudolf"]
[Result "1/2-1/2"]
[WhiteElo "1112"]
[BlackElo "1420"]
[PlyCount "98"]
[EventDate "2018.06.30"]
[EventType "swiss"]
[EventRounds "9"]
[EventCountry "CZE"]

1. e4 d5 2. exd5 Nf6 3. Bb5+ Bd7 4. Bxd7+ Qxd7 5. Nf3 Nxd5 6. d3 Qe6+ 7. Qe2 Qxe2+ 8. Kxe2 Nc6 9. Re1 e6 10. Bd2 Bd6 11. Nc3 O-O-O 12. Nxd5 exd5 13. Kf1 Rde8 14. Kg1 Bb4 15. c3 Bd6 16. Ng5 Ref8 17. Re2 h6 18. Nf3 Re8 19. Rae1 Rxe2 20. Rxe2 Kd7 21. h3 Re8 22. Rxe8 Kxe8 23. Be3 a6 24. Bd4 Nxd4 25. Nxd4 g6 26. Kf1 c5 27. Nb3 b6 28. g3 c4 29. dxc4 dxc4 30. Nd2 b5 31. Ne4 Ke7 32. Ke2 f5 33. Nd2 Ke6 34. Ke3 Bc5+ 35. Kf3 g5 36. g4 Be7 37. gxf5+ Kxf5 38. Nf1 Bd6 39. Ne3+ Kg6 40. Nd1 a5 41. a3 Bc5 42. Kg4 h5+ 43. Kg3 Kf5 44. f3 Bd6+ 45. Kg2 Kf4 46. Kf2 Bc5+ 47. Kg2 h4 48. Nf2 Be7 49. Nd1 Bc5 1/2-1/2

[Event "26th Klatovy B 2018"]
[Site "Klatovy CZE"]
[Date "2018.07.02"]
[Round "3.63"]
[White "Kalista, Frantisek"]
[Black "Svejdar, Petr"]
[Result "0-1"]
[WhiteElo "1360"]
[BlackElo "1163"]
[PlyCount "92"]
[EventDate "2018.06.30"]
[EventType "swiss"]
[EventRounds "9"]
[EventCountry "CZE"]

1. d4 d5 2. g3 e6 3. Bg2 Nc6 4. Nf3 Nf6 5. O-O Bd6 6. b3 O-O 7. Bb2 b6 8. Re1 Re8 9. Nbd2 Ba6 10. a3 Rc8 11. e3 h6 12. c4 dxc4 13. bxc4 Na5 14. Rb1 Nxc4 15. Nxc4 Bxc4 16. Nd2 Bb5 17. a4 Bd7 18. Nc4 Qe7 19. Qb3 Red8 20. e4 Bb4 21. Bc3 Bxc3 22. Qxc3 Bxa4 23. Ra1 Bb5 24. Rxa7 Ra8 25. Rxa8 Rxa8 26. e5 Nd5 27. Bxd5 exd5 28. Ne3 Qd7 29. f4 Ra2 30. Qb3 Ra5 31. Nxd5 Ba4 32. Qc4 Qxd5 33. Qxd5 Rxd5 34. Rc1 b5 35. Rxc7 b4 36. Ra7 Bc6 37. Ra6 Bd7 38. Rb6 Rb5 39. Ra6 b3 40. Ra1 b2 41. Rb1 Bf5 42. Rxb2 Rxb2 43. h4 Kf8 44. d5 f6 45. exf6 gxf6 46. Kf1 Ke7 0-1

[Event "26th Klatovy B 2018"]
[Site "Klatovy CZE"]
[Date "2018.07.02"]
[Round "3.64"]
[White "Cervenka, Jakub"]
[Black "Roubal, Matyas"]
[Result "1/2-1/2"]
[WhiteElo "1300"]
[BlackElo "1100"]
[PlyCount "154"]
[EventDate "2018.06.30"]
[EventType "swiss"]
[EventRounds "9"]
[EventCountry "CZE"]

1. e4 e5 2. Nf3 Nc6 3. d4 exd4 4. Bc4 Nf6 5. O-O Bb4 6. Bg5 O-O 7. e5 Be7 8. exf6 Bxf6 9. Bxf6 Qxf6 10. Nbd2 d6 11. Ne4 Qg6 12. Ng3 Bg4 13. h3 Bxf3 14. Qxf3 Qxc2 15. b3 Qg6 16. Bd3 Qh6 17. Nf5 Qg5 18. h4 Qd8 19. Rfe1 Ne5 20. Qe4 Re8 21. Ne7+ Kf8 22. Qxh7 Kxe7 23. f4 Kd7 24. Bf5+ Kc6 25. Rac1+ Kb6 26. fxe5 dxe5 27. Qxg7 Qxh4 28. Rxe5 Qf4 29. Rcc5 Rxe5 30. Rxe5 Qc1+ 31. Kh2 Qf4+ 32. Qg3 Rh8+ 33. Bh3 Qc1 34. Qe1 Qf4+ 35. Qg3 Qc1 36. Re1 Qc6 37. Qg7 Qd6+ 38. Kg1 Rd8 39. Qe5 Qxe5 40. Rxe5 d3 41. Bg4 d2 42. Bd1 f6 43. Rf5 Rd6 44. Kf2 c5 45. Ke2 Kb5 46. a3 b6 47. Bc2 Kc6 48. Be4+ Kd7 49. Bd5 b5 50. Kxd2 Kc7 51. Kc3 Kb6 52. a4 a6 53. Bf3 b4+ 54. Kc2 Ka5 55. Rxc5+ Kb6 56. Rf5 a5 57. Rb5+ Ka6 58. Bb7+ Ka7 59. Rxa5+ Kxb7 60. Rb5+ Ka6 61. Rxb4 Rc6+ 62. Rc4 Re6 63. b4 Re2+ 64. Kd3 Rxg2 65. Rc6+ Kb7 66. Rxf6 Ra2 67. a5 Ra1 68. Rb6+ Ka7 69. Kc2 Rh1 70. b5 Rh2+ 71. Kd3 Rh3+ 72. Kc4 Rh4+ 73. Kd5 Rh5+ 74. Ke6 Rh6+ 75. Kd7 Rxb6 76. axb6+ Kxb6 77. Kd6 Kxb5 1/2-1/2

[Event "26th Klatovy B 2018"]
[Site "Klatovy CZE"]
[Date "2018.07.02"]
[Round "3.65"]
[White "Souralova, Jana"]
[Black "Zimmermann, Ladislav"]
[Result "1-0"]
[WhiteElo "1100"]
[BlackElo "1300"]
[PlyCount "81"]
[EventDate "2018.06.30"]
[EventType "swiss"]
[EventRounds "9"]
[EventCountry "CZE"]

1. e4 e5 2. Nf3 d6 3. Bc4 h6 4. O-O Bg4 5. Nc3 Nf6 6. Be2 Nc6 7. d4 exd4 8. Nxd4 Bxe2 9. Ncxe2 Nxe4 10. Qd3 Nc5 11. Nxc6 bxc6 12. Qc4 Qe7 13. Nd4 Qd7 14. Re1+ Be7 15. Bf4 d5 16. Qc3 O-O 17. Rad1 Ne4 18. Qe3 Rfe8 19. Re2 g5 20. Bg3 Nxg3 21. hxg3 Bc5 22. Qc3 Bxd4 23. Rxe8+ Rxe8 24. Qxd4 Re2 25. Qd3 Re4 26. b3 Re6 27. c4 Re5 28. Qd4 Qe6 29. cxd5 Rxd5 30. Qa1 Rxd1+ 31. Qxd1 Qd6 32. Qe2 Qe6 33. Qd2 Qd5 34. Qe3 Qe6 35. Qxa7 Qd6 36. a4 c5 37. a5 Qc6 38. a6 Kg7 39. Qb7 Qxb7 40. axb7 f6 41. b8=Q 1-0

[Event "26th Klatovy B 2018"]
[Site "Klatovy CZE"]
[Date "2018.07.02"]
[Round "3.67"]
[White "Zeman, Jiri 2004"]
[Black "Skopkova, Marcela"]
[Result "0-1"]
[WhiteElo "1093"]
[BlackElo "1245"]
[PlyCount "104"]
[EventDate "2018.06.30"]
[EventType "swiss"]
[EventRounds "9"]
[EventCountry "CZE"]

1. e4 Nc6 2. Nf3 e6 3. Nc3 Bb4 4. Bb5 Bxc3 5. dxc3 Nge7 6. Bg5 h6 7. Bf4 a6 8. Bxc6 Nxc6 9. Bg3 d6 10. O-O b5 11. e5 d5 12. b3 Bb7 13. Qd2 Qd7 14. Bh4 Ne7 15. Bxe7 Qxe7 16. Qd3 c5 17. c4 Bc6 18. Rfe1 dxc4 19. bxc4 bxc4 20. Qxc4 Bxf3 21. gxf3 O-O 22. Red1 Qg5+ 23. Kf1 Qxe5 24. f4 Qc7 25. Ke2 Rfb8 26. Rg1 g6 27. h4 Rb4 28. Qd3 Qxf4 29. c3 Re4+ 30. Kf1 Qxh4 31. Re1 Rxe1+ 32. Kxe1 Qd8 33. Qe3 Qd5 34. Qxh6 Qe5+ 35. Kf1 Qxc3 36. Rh1 Qg7 37. Qf4 Rd8 38. Kg2 Qd4 39. Qxd4 cxd4 40. Kf1 e5 41. Ke2 Rc8 42. f3 Rc2+ 43. Kd3 Rxa2 44. Re1 f6 45. Kc4 Rf2 46. Kd5 Rxf3 47. Ke6 Kg7 48. Ke7 g5 49. Rc1 Rc3 50. Rb1 d3 51. Rb6 Rc7+ 52. Kd6 e4 0-1

[Event "26th Klatovy B 2018"]
[Site "Klatovy CZE"]
[Date "2018.07.02"]
[Round "3.68"]
[White "Studenovsky, Jaroslav"]
[Black "Bukvaj, Jan"]
[Result "1-0"]
[WhiteElo "1233"]
[BlackElo "1051"]
[PlyCount "63"]
[EventDate "2018.06.30"]
[EventType "swiss"]
[EventRounds "9"]
[EventCountry "CZE"]

1. c4 e6 2. Nc3 g6 3. g3 d6 4. Bg2 Bg7 5. Nf3 Bxc3 6. dxc3 Nf6 7. O-O Nbd7 8. b4 Ne4 9. Qd4 Nef6 10. Rd1 Qe7 11. Bb2 O-O 12. a4 e5 13. Qe3 Ng4 14. Qg5 Qxg5 15. Nxg5 f6 16. Ne6 Rf7 17. Nxc7 Rb8 18. Nb5 a6 19. Nxd6 Re7 20. h3 Nh6 21. Nxc8 Rxc8 22. Bxb7 Rxc4 23. Bd5+ Kf8 24. Bxc4 Ke8 25. Bxa6 Re6 26. Bb5 Ke7 27. Rxd7+ Kf8 28. a5 Nf5 29. a6 Rxa6 30. Rxa6 Ne7 31. Ra8+ Nc8 32. Rxc8# 1-0

[Event "26th Klatovy B 2018"]
[Site "Klatovy CZE"]
[Date "2018.07.02"]
[Round "3.69"]
[White "Skalicky, Jindrich"]
[Black "Berkovec, Jakub"]
[Result "1/2-1/2"]
[WhiteElo "1225"]
[BlackElo "1000"]
[PlyCount "47"]
[EventDate "2018.06.30"]
[EventType "swiss"]
[EventRounds "9"]
[EventCountry "CZE"]

1. e4 c5 2. Nf3 d6 3. d4 cxd4 4. Nxd4 Nf6 5. Nc3 g6 6. Be3 Bg7 7. f3 O-O 8. Qd2 Re8 9. Bb5 Bd7 10. Bxd7 Qxd7 11. O-O-O Nc6 12. Nxc6 bxc6 13. b3 Red8 14. Bh6 Bh8 15. g4 e6 16. h4 Bg7 17. Bxg7 Kxg7 18. h5 d5 19. hxg6 fxg6 20. e5 Ne8 21. Qh6+ Kf7 22. Qf4+ Kg7 23. Qh6+ Kf7 24. Qf4+ 1/2-1/2

[Event "26th Klatovy B 2018"]
[Site "Klatovy CZE"]
[Date "2018.07.02"]
[Round "3.70"]
[White "Skrivan, Matej 2008"]
[Black "Safarova, Magdalena"]
[Result "0-1"]
[WhiteElo "1056"]
[BlackElo "1172"]
[PlyCount "44"]
[EventDate "2018.06.30"]
[EventType "swiss"]
[EventRounds "9"]
[EventCountry "CZE"]

1. e4 d5 2. e5 Nc6 3. Nf3 Bg4 4. Bb5 Qd7 5. Bxc6 Qxc6 6. O-O e6 7. d3 O-O-O 8. Bg5 f6 9. h3 Bh5 10. Be3 d4 11. Bxd4 Ne7 12. Qd2 Nf5 13. Bxa7 Rd5 14. exf6 gxf6 15. Nd4 Nxd4 16. Bxd4 Rxd4 17. Qa5 Rd5 18. Qa8+ Kd7 19. Nc3 Re5 20. Rad1 Bxd1 21. Rxd1 Rg8 22. d4 Qxg2# 0-1

[Event "26th Klatovy B 2018"]
[Site "Klatovy CZE"]
[Date "2018.07.02"]
[Round "3.71"]
[White "Nova, Anezka"]
[Black "Valdman, Jakub"]
[Result "0-1"]
[WhiteElo "1033"]
[BlackElo "1066"]
[PlyCount "46"]
[EventDate "2018.06.30"]
[EventType "swiss"]
[EventRounds "9"]
[EventCountry "CZE"]

1. e4 e5 2. Nf3 Nc6 3. Bb5 d6 4. d3 Nf6 5. Nc3 Bg4 6. h3 Bh5 7. g4 Bg6 8. Bg5 Be7 9. h4 h6 10. Be3 Nxg4 11. Nxe5 Ngxe5 12. Qe2 a6 13. Ba4 Bxh4 14. Bd4 b5 15. Bb3 Nxd4 16. Qd2 Nef3+ 17. Kd1 Nxd2 18. Kxd2 Qg5+ 19. Ke1 Nf3+ 20. Kf1 Nd2+ 21. Ke2 Bh5+ 22. Ke1 Qe3+ 23. Ne2 Qxe2# 0-1

[Event "26th Klatovy B 2018"]
[Site "Klatovy CZE"]
[Date "2018.07.02"]
[Round "3.72"]
[White "Merinsky, Stanislav"]
[Black "Jelinek, Frantisek"]
[Result "0-1"]
[WhiteElo "1000"]
[BlackElo "1039"]
[PlyCount "55"]
[EventDate "2018.06.30"]
[EventType "swiss"]
[EventRounds "9"]
[EventCountry "CZE"]

1. e4 c5 2. Nf3 d6 3. Bc4 Nc6 4. Nc3 g6 5. d3 Bg7 6. Bf4 Nf6 7. Ng5 O-O 8. h3 Bd7 9. a3 Qb6 10. b3 Nh5 11. Bd2 Nf4 12. O-O Ne6 13. Nd5 Qd8 14. Bc3 Bxc3 15. Nxc3 Nxg5 16. h4 Ne6 17. h5 Nf4 18. h6 Ne5 19. d4 Nxc4 20. bxc4 Qa5 21. Qf3 Qxc3 22. Qxf4 Qxd4 23. Rfd1 Qxc4 24. g3 Bc6 25. e5 Qxf4 26. gxf4 Rad8 27. Re1 dxe5 28. Rxe5 0-1

[Event "26th Klatovy B 2018"]
[Site "Klatovy CZE"]
[Date "2018.07.03"]
[Round "4.1"]
[White "Danko, Jiri"]
[Black "Chmelik, Ladislav"]
[Result "1-0"]
[WhiteElo "1954"]
[BlackElo "1761"]
[PlyCount "51"]
[EventDate "2018.06.30"]
[EventType "swiss"]
[EventRounds "9"]
[EventCountry "CZE"]

1. e4 c5 2. Nf3 Nc6 3. d4 cxd4 4. Nxd4 d6 5. Be3 Nf6 6. Nc3 g6 7. f3 Bg7 8. Qd2 O-O 9. O-O-O Nxd4 10. Bxd4 a6 11. g4 b5 12. Kb1 Be6 13. h4 Qa5 14. Nd5 b4 15. Nxe7+ Kh8 16. Nd5 Rab8 17. b3 Bxd5 18. exd5 Rfc8 19. Bc4 h5 20. gxh5 Nxh5 21. Rhg1 Kh7 22. Rg5 Bxd4 23. Qxd4 Ng7 24. h5 Kh6 25. Qf4 Nf5 26. Rxf5+ 1-0

[Event "26th Klatovy B 2018"]
[Site "Klatovy CZE"]
[Date "2018.07.03"]
[Round "4.2"]
[White "Matejka, Jaromir"]
[Black "Kastner, Jan"]
[Result "0-1"]
[WhiteElo "1570"]
[BlackElo "1930"]
[PlyCount "92"]
[EventDate "2018.06.30"]
[EventType "swiss"]
[EventRounds "9"]
[EventCountry "CZE"]

1. e4 c6 2. d4 d5 3. exd5 cxd5 4. Bf4 Nc6 5. c3 Nf6 6. h3 e6 7. Nf3 Bd6 8. Ne5 Bxe5 9. dxe5 Ne4 10. Nd2 Nxd2 11. Qxd2 Qc7 12. Bb5 a6 13. Bxc6+ bxc6 14. O-O a5 15. Rac1 a4 16. Rfe1 Ba6 17. Qd4 Bc4 18. a3 Rb8 19. Rc2 Rb5 20. Bc1 Qe7 21. Qg4 Rg8 22. Kh1 Bb3 23. Rce2 Qb7 24. f4 g6 25. Rf2 h5 26. Qg3 Kf8 27. f5 exf5 28. Bh6+ Ke8 29. Rxf5 d4 30. Bd2 Be6 31. Rxh5 Rxb2 32. Bc1 Rb3 33. Rh4 Rxc3 34. Qf2 c5 35. Kg1 g5 36. Rh6 g4 37. h4 g3 38. Qd2 Qb3 39. Qe2 Qc4 40. Qxc4 Rxc4 41. Rf6 Rc2 42. Kh1 Bd5 43. Rg1 Bxg2+ 44. Rxg2 Rxc1+ 45. Rg1 Rc2 46. Ra6 Rh2# 0-1